000 00373nam a22001577a 4500
003 MACL
005 20151125125748.0
008 151125b xxu||||| |||| 00| 0 eng d
040 _cMACL
041 _aEnglish
082 _a780/SRI
100 _aDr.Srivastava,Pushker
_918184
245 _aCommonwealth Games An Extravaganza
650 _aGames
_918185
942 _2ddc
_cBK
999 _c51106
_d51106